000
00189 a2200097 4500
001
4307
100
_a
Vega,B.V
245
_a
Logarithmic tables
260
_a
_b
Van
_c
090
_c
3523
_d
3523
942
_a
NUST-CAE
_c
M
_c
28036
999
_c
239380
_d
239380